|
|
|
|
| LEADER |
00000nam0a2200000 4500 |
| 001 |
78292 |
| 005 |
20231101213001.0 |
| 035 |
|
|
|a (RuTPU)RU\TPU\book\83906
|
| 090 |
|
|
|a 78292
|
| 100 |
|
|
|a 20050615d2005 km y0rusy50 ca
|
| 101 |
0 |
|
|a rus
|
| 102 |
|
|
|a RU
|
| 105 |
|
|
|a a z 010zy
|
| 200 |
1 |
|
|a Они вернулись с Победой!
|f Администрация Томской области; Томская областная организация ветеранов; под ред. С. В. Хорева
|
| 210 |
|
|
|a Томск
|c Панорама
|d 2005
|
| 215 |
|
|
|a 303 с.
|c ил.
|
| 300 |
|
|
|a Посвящается 60-летию Победы в Великой Отечественной войне 1941-1945 гг.
|
| 318 |
|
|
|5 63413507
|a Подвиг молодежи
|b выставка
|
| 330 |
|
|
|a Фотоальбом посвящен нашим дорогим землякам тем, кто из городов, сел, лесных поселков Томской области уходил защищать Родину тем, кто вернулся с победой, тем, кто остался навсегда на поле брани. Матерям и женам воинов, которые умели любить, ждать и трудиться, не покладая рук, что бы приблизить счастливый миг встречи. Детям войны, заменившим отцов у станков и на хлебном поле. Через 60 лет после Великой Отечественной войны - новым и будущим поколениям наш краткий рассказ и завет - быть патриотами своего Отечества.
|
| 606 |
1 |
|
|a Томская область в Великой Отечественной войне 1941-1945
|2 stltpush
|3 (RuTPU)RU\TPU\subj\66914
|9 82890
|
| 606 |
1 |
|
|a Томская область
|x История
|2 stltpush
|3 (RuTPU)RU\TPU\subj\67227
|9 83110
|
| 610 |
1 |
|
|a Томск
|
| 610 |
1 |
|
|a Великая Отечественная война 1941-1945
|
| 610 |
1 |
|
|a фотоальбомы
|
| 610 |
1 |
|
|a ветераны
|
| 610 |
1 |
|
|a фотографии
|
| 686 |
|
|
|a Т3(2)622-9
|v LBC/SL-A
|2 rubbk
|
| 686 |
|
|
|a Т3(253.3-4Том)
|v LBC/SL-A
|2 rubbk
|
| 702 |
|
1 |
|a Хорев
|b С. В.
|4 340
|
| 712 |
0 |
1 |
|a Томская область
|b Администрация
|2 stltpush
|3 (RuTPU)RU\TPU\col\449
|9 23442
|
| 712 |
0 |
2 |
|a Томская областная организация ветеранов
|2 stltpush
|3 (RuTPU)RU\TPU\col\6907
|9 24279
|
| 801 |
|
1 |
|a RU
|b 63413507
|c 20050615
|g PSBO
|
| 801 |
|
2 |
|a RU
|b 63413507
|c 20200604
|g PSBO
|
| 942 |
|
|
|c BK
|